[Event "CHI-ch sf"]
[Site "Coronel"]
[Date "2015.01.11"]
[Round "3"]
[White "Ocares Fuenzalida, Elias"]
[Black "Fernandez Cortez, Oscar Getino"]
[Result "1-0"]
[WhiteElo "1722"]
[BlackElo "1902"]
[PlyCount "101"]
[EventDate "2015.01.10"]
[EventType "swiss"]
[EventRounds "7"]
[EventCountry "CHI"]
[SourceTitle "CBM 164 Extra"]
[Source "ChessBase"]
[SourceDate "2015.03.02"]
[SourceVersion "1"]
[SourceVersionDate "2015.03.02"]
[SourceQuality "1"]

1. e4 c5 2. Nf3 d6 3. d4 cxd4 4. Nxd4 Nf6 5. Nc3 a6 6. Be2 e5 7. Nf3 Be7 8. h3 0-0 9. Be3 b6 10. 0-0 Bb7 11. Nd5 Nxd5 12. exd5 Nd7 13. Rc1 Nc5 14. c4 f5 15. b4 Nd7 16. Qb3 f4 17. Bd2 Ra7 18. Rfd1 Kh8 19. Bc3 Bc8 20. Bb2 Rf6 21. Ng5 Nf8 22. Qc2 Qe8 23. Bd3 Qh5 24. Ne4 Rg6 25. Kh2 Rh6 26. Bf1 Ng6 27. Qe2 Bg4 28. f3 Bf5 29. g4 fxg3+ 30. Nxg3 Nf4 31. Nxh5 Nxe2 32. Bxe2 Rxh5 33. Bf1 Bg5 34. Rc3 Bf4+ 35. Kg1 h6 36. Bc1 Bxc1 37. Rcxc1 e4 38. fxe4 Bxe4 39. Bg2 Rg5 40. Rd2 Bxg2 41. Rxg2 Rxg2+ 42. Kxg2 a5 43. c5 axb4 44. c6 Rxa2+ 45. Kg3 Ra3+ 46. Kg4 Rc3 47. Rb1 Rd3 48. Rxb4 Rxd5 49. Rc4 b5 50. Rc1 Kh7 51. c7 1-0